| 000 | 00743nam a2200193 a 4500 | ||
|---|---|---|---|
| 005 | 20240911064007.0 | ||
| 008 | 991125s1989 san 000 0 spa u | ||
| 035 | _aUPN01000053916 | ||
| 049 | _aCG | ||
| 050 | 4 |
_aQA76.5 _bN3.7 |
|
| 110 | 2 |
_aNaciones Unidas. _bComisión Económica para América Latina y el Caribe |
|
| 245 | 1 | 0 |
_aSistema de información bibliográfica : _bmanual para uso de Micro CDE-ISIS / _cNaciones Unidas, Comisión Económica para América Latina y el Caribe. |
| 260 |
_aSantiago de Chile : _bCEPAL, _c1989. |
||
| 300 | _a159 p. | ||
| 440 | 0 |
_aManual de procedimientos ; _v2 |
|
| 650 | 4 |
_aBibliotecas _xAutomatización _98828 |
|
| 650 | 4 |
_aSISTEMAS DE ALMACENAMIENTO Y RECUPERACION DE INFORMACION _96288 |
|
| 905 | _aLibro | ||
| 999 |
_c53916 _d53916 |
||